| 000 -LEADER |
| fixed length control field |
00908nam a22002057a 4500 |
| 005 - DATE AND TIME OF LATEST TRANSACTION |
| control field |
20231222122622.0 |
| 008 - FIXED-LENGTH DATA ELEMENTS--GENERAL INFORMATION |
| fixed length control field |
231222s1984 ru ||||| |||| 00| 0 rus d |
| 041 ## - LANGUAGE CODE |
| Language code of text/sound track or separate title |
RUS |
| 080 ## - UNIVERSAL DECIMAL CLASSIFICATION NUMBER |
| Universal Decimal Classification number |
1(3)(091) B-80 |
| 245 ## - TITLE STATEMENT |
| Title |
В преддверии философии : |
| Remainder of title |
Духовные искания древнего человека / |
| Statement of responsibility, etc. |
Г. Франкфорт, Г. А. Франкфорт, Дж.Уилсон, Т. Якобсен. |
| 264 ## - PRODUCTION, PUBLICATION, DISTRIBUTION, MANUFACTURE, AND COPYRIGHT NOTICE |
| Place of production, publication, distribution, manufacture |
Москва : |
| Name of producer, publisher, distributor, manufacturer |
Наука, |
| Date of production, publication, distribution, manufacture, or copyright notice |
1984. |
| 300 ## - PHYSICAL DESCRIPTION |
| Extent |
234 с.; |
| Other physical details |
22 см. |
| 653 ## - INDEX TERM--UNCONTROLLED |
| keyword |
ფილოსოფია |
| 653 ## - INDEX TERM--UNCONTROLLED |
| keyword |
ადამიანის სულიერი ძიება |
| 700 ## - ADDED ENTRY--PERSONAL NAME |
| Personal name |
Франкфорт, Г |
| Relator term |
ავტორი |
| 9 (RLIN) |
20854 |
| 700 ## - ADDED ENTRY--PERSONAL NAME |
| Personal name |
Франкфорт, Г. А |
| Relator term |
ავტორი |
| 9 (RLIN) |
20855 |
| 700 ## - ADDED ENTRY--PERSONAL NAME |
| Personal name |
Уилсон, Дж. |
| Relator term |
ავტორი |
| 9 (RLIN) |
20856 |
| 700 ## - ADDED ENTRY--PERSONAL NAME |
| Personal name |
Якобсен, Т. |
| Relator term |
ავტორი |
| 9 (RLIN) |
20857 |
| 942 ## - ADDED ENTRY ELEMENTS (KOHA) |
| Source of classification or shelving scheme |
|
| Koha item type |
წიგნი |